| 000 | 00772nam a2200241Ia 4500 | ||
|---|---|---|---|
| 005 | 20260430150404.0 | ||
| 008 | 008 250103s9999 xx 000 0 eng d | ||
| 037 | _aTheses | ||
| 040 | _aCRL | ||
| 040 | _beng | ||
| 040 | _ceng | ||
| 041 | _2eng | ||
| 041 | _aeng | ||
| 084 | _qCRL | ||
| 100 |
_aAbdul Hameed Au.; Srivastava Pankaj Gu.; Tripathi Jayant K. Gu. _91237349 |
||
| 245 | 0 | _aPaleopedogenesis in Overbank Sediments of the Lower and Middle Siwalik Sub Groups, Kangra Sub-Basin, NW Himalaya: A Response to Climatic Changes and Tectonics During Mid-Late Miocene | |
| 260 | _c2023 | ||
| 300 | _a469p. | ||
| 650 | _aGeology | ||
| 700 |
_aUniversity of Delhi. Faculty of Science. Deptt.of Geology _91237350 |
||
| 942 | _cTH | ||
| 999 |
_c1849665 _d1849665 |
||